00548nam a2200169 i 450000100060000000300090000600500170001500700030003200800410003510000240007624500520010026000330015230000220018585200320020799900170023995201220025643010ES-MaACL20230906160722.0t|030314s1972 sp ||||1| spa d1 aCepas, Juan.93742610aVocabulario popular malagueño / cJuan Cepas. aMálaga : b[s.n.], c1972. a165 p. ; c21 cm. aES-MaACLjC-47250 bR.83441 c43010d43010 00104070aATENEOMbATENEOMcDEPO2d2008-01-17eSCl0oC-47250p1045271r2023-02-23 00:00:00w2023-02-23yMONOGRAFIA